| 000 | 00404cam a2200169ua 4500 | ||
|---|---|---|---|
| 020 | _c3.00 | ||
| 041 |
_amal _h |
||
| 082 |
_a305.4 _bJOY/ST |
||
| 100 | _aJoy, V A . | ||
| 245 |
_aSthree charithrakarante dhrushtiyil / _cV A Joy. _hTextual Documents |
||
| 260 |
_aThrissur : _bCurrent Books , _c1962. |
||
| 300 | _a217 ; . | ||
| 365 | _a3.00 | ||
| 504 | _a | ||
| 942 | _cBK | ||
| 999 |
_c6356 _d6356 |
||